000
00318nam a2200145Ia 4500
003
OSt
005
20240307143739.0
008
170524s9999 xx 000 0 und d
020
_a
NIL
040
_c
IIMTU MEERUT
100
_a
SINGH- ABHIMANYU
245
0
_a
APPLIED MATHEMATICS - II
260
_b
Ane
942
_2
ddc
_c
02
999
_c
7736
_d
7736